El juego del arte : (Record no. 195760)

MARC details
000 -LEADER
campo de control de longitud fija 02015nam a2200469 i 4500
001 - NÚMERO DE CONTROL
campo de control 195760
003 - IDENTIFICADOR DE NÚMERO DE CONTROL
campo de control SpMaBN
005 - FECHA Y HORA DE LA ÚLTIMA TRANSACCIÓN
campo de control 20250828023803.0
008 - DATOS DE LONGITUD FIJA--INFORMACIÓN GENERAL
campo de control de longitud fija 240715s2019 sp a | |||| 001 0 spa
015 ## - NÚMERO DE BIBLIOGRAFÍA NACIONAL
Número de bibliografía nacional MON19
017 ## - NÚMERO DE COPYRIGHT O DE DEPÓSITO LEGAL
Número de copyright o de depósito legal M 5417-2019
Agencia que asigna Oficina Depósito Legal Madrid
020 ## - NÚMERO INTERNACIONAL ESTÁNDAR DEL LIBRO
Número Internacional Estándar del Libro 9788470756573
035 ## - NÚMERO DE CONTROL DEL SISTEMA
Número de control de sistema (OCoLC)1126479807
035 ## - NÚMERO DE CONTROL DEL SISTEMA
Número de control de sistema a6583164
040 ## - FUENTE DE CATALOGACIÓN
Centro catalogador/agencia de origen SpMaBN
Lengua de catalogación spa
Centro/agencia transcriptor SpMaBN
Normas de descripción rda
Centro/agencia modificador ES-MaACL
080 ## - NÚMERO DE LA CLASIFICACIÓN DECIMAL UNIVERSAL
Número de la Clasificación Decimal Universal 796.1(0:7)(083.824)
080 ## - NÚMERO DE LA CLASIFICACIÓN DECIMAL UNIVERSAL
Número de la Clasificación Decimal Universal 37(0:7)(083.824)
080 ## - NÚMERO DE LA CLASIFICACIÓN DECIMAL UNIVERSAL
Número de la Clasificación Decimal Universal 7.036/.038(083.824)
245 03 - MENCIÓN DEL TÍTULO
Título El juego del arte :
Resto del título pedagogías, arte y diseño : Madrid, del 22 de marzo al 23 de junio de 2019 /
Mención de responsabilidad, etc. Manuel Fontán del Junco, Juan Bordes, Aida Capa (eds.) ; con textos de Juan Bordes, Norman Brosterman, Manuel Fontán del Junco y Juliet Kinchin.
264 #1 - PRODUCCIÓN, PUBLICACIÓN, DISTRIBUCIÓN, FABRICACIÓN Y COPYRIGHT
Producción, publicación, distribución, fabricación y copyright Madrid :
Nombre del de productor, editor, distribuidor, fabricante Fundación Juan March,
Fecha de producción, publicación, distribución, fabricación o copyright [2019].
264 #4 - PRODUCCIÓN, PUBLICACIÓN, DISTRIBUCIÓN, FABRICACIÓN Y COPYRIGHT
Fecha de producción, publicación, distribución, fabricación o copyright ©2019
300 ## - DESCRIPCIÓN FÍSICA
Extensión 665 páginas :
Otras características físicas principalmente ilustraciones (blanco y negro y color) ;
Dimensiones 29 cm.
500 ## - NOTA GENERAL
Nota general Exposición celebrada en la Fundación Juan March de Madrid.
504 ## - NOTA DE BIBLIOGRAFÍA, ETC.
Nota de bibliografía, etc. Bibliografía: página 660. Índice.
650 #7 - PUNTO DE ACCESO ADICIONAL DE MATERIA--TÉRMINO DE MATERIA
Término de materia o nombre geográfico como elemento de entrada Juegos
Subdivisión general En el arte
Subdivisión de forma Exposiciones
Fuente del encabezamiento o término embne
9 (RLIN) 237445
650 #0 - PUNTO DE ACCESO ADICIONAL DE MATERIA--TÉRMINO DE MATERIA
Término de materia o nombre geográfico como elemento de entrada Educación-
Subdivisión general En el arte-
Subdivisión de forma Exposiciones
9 (RLIN) 237446
650 #4 - PUNTO DE ACCESO ADICIONAL DE MATERIA--TÉRMINO DE MATERIA
Término de materia o nombre geográfico como elemento de entrada Arte-
Subdivisión cronológica S.XX-
Subdivisión de forma Exposiciones
Fuente del encabezamiento o término embne
9 (RLIN) 10140
650 #7 - PUNTO DE ACCESO ADICIONAL DE MATERIA--TÉRMINO DE MATERIA
Término de materia o nombre geográfico como elemento de entrada Arte-
Subdivisión cronológica S.XXI-
Subdivisión de forma Exposiciones
9 (RLIN) 167167
655 #7 - TERMINO DE INDIZACIÓN--GENERO/FORMA
Datos o término principal de género/forma Catálogos de exposiciones
Fuente del término tgfbne
9 (RLIN) 193628
700 1# - ENTRADA AGREGADA--NOMBRE PERSONAL
Nombre de persona Fontán del Junco, Manuel,
Fechas asociadas al nombre 1963-
Término indicativo de función/relación Autor
9 (RLIN) 226485
700 ## - ENTRADA AGREGADA--NOMBRE PERSONAL
Nombre de persona Bordes, Juan,
Fechas asociadas al nombre 1948-
9 (RLIN) 237447
Término indicativo de función/relación Autor
700 1# - ENTRADA AGREGADA--NOMBRE PERSONAL
Nombre de persona Capa, Aida
9 (RLIN) 173144
Término indicativo de función/relación Autor
700 1# - ENTRADA AGREGADA--NOMBRE PERSONAL
Nombre de persona Brosterman, Norman
Fechas asociadas al nombre 1952-
Relación aut
9 (RLIN) 237448
Término indicativo de función/relación Autor
700 ## - ENTRADA AGREGADA--NOMBRE PERSONAL
Nombre de persona Kinchin, Juliet
9 (RLIN) 237449
Término indicativo de función/relación Autor
710 2# - ENTRADA AGREGADA--NOMBRE DE ENTIDAD CORPORATIVA
Nombre de entidad corporativa o nombre de jurisdicción como elemento de entrada Fundación Juan March
Término indicativo de función/relación Sede
9 (RLIN) 4346
852 ## - LOCALIZACIÓN
Ubicación ES-MaACL
Sublocalización o colección R.132760
Ubicación en estantería Depósito J
Donativo/Legado Donación: Editorial
Encuadernación Encuadernación cartoné
itemnumber 204618
Número de control de estantería N-8768
914 ## - NOMBRE ENTIDAD DE DONANTE
Nombre de congreso/reunión o jurisdicción como elemento de entrada Fundación Juan March
Unidad subordinada Donante
RLIN 4346
942 ## - ELEMENTOS DE ENTRADA SECUNDARIOS (KOHA)
Tipo de ítem Koha Libro impreso
Suprimir en OPAC No
Holdings
Estatus retirado Estado de pérdida Fuente del sistema de clasificación o colocación Estado de daño No para préstamo Biblioteca de origen Biblioteca actual Ubicación en estantería Fecha de adquisición Fuente de adquisición Total de préstamos Signatura topográfica completa Código de barras Visto por última vez Precio de reemplazo Tipo de ítem Koha
    Clasificación decimal universal     Biblioteca del Ateneo de Madrid Biblioteca del Ateneo de Madrid Depósito J 15/02/2025 Donación   N-8768 101229435 15/02/2025 15/02/2025 Libro impreso